The Longman anthology of world literature : (Record no. 27117)

MARC details
000 -LEADER
fixed length control field 01216cam a22003135i 4500
001 - CONTROL NUMBER
control field 13318414
003 - CONTROL NUMBER IDENTIFIER
control field OSt
005 - DATE AND TIME OF LATEST TRANSACTION
control field 20190211160716.0
008 - FIXED-LENGTH DATA ELEMENTS--GENERAL INFORMATION
fixed length control field 030820s 2004nyuab frb 001 1 eng d
020 ## - INTERNATIONAL STANDARD BOOK NUMBER
International Standard Book Number 0321169794 (v. C)
020 ## - INTERNATIONAL STANDARD BOOK NUMBER
International Standard Book Number 9780321169792
040 ## - CATALOGING SOURCE
Original cataloging agency DLC
Transcribing agency DLC
Modifying agency DLC
-- EG-ScBUE
Language of cataloging eng
082 04 - DEWEY DECIMAL CLASSIFICATION NUMBER
Edition number 22
Classification number 808.8
Item number LON
245 04 - TITLE STATEMENT
Title The Longman anthology of world literature :
Medium Vol. C. The early modern period /
Statement of responsibility, etc Jane Tylus, David Damrosch, general editors.
246 14 - VARYING FORM OF TITLE
Title proper/short title Longman anthology, world literature
264 #1 - PUBLICATION, DISTRIBUTION, ETC. (IMPRINT)
Place of publication, distribution, etc New York :
Name of publisher, distributor, etc Pearson Education, Inc. ,
Date of publication, distribution, etc c.2004.
300 ## - PHYSICAL DESCRIPTION
Extent xxv, 902 pages :
Other physical details illustrations (some col.), maps ;
Dimensions 24 cm.
336 ## - CONTENT TYPE
Source rdacontent
Content type term txt
337 ## - MEDIA TYPE
Source rdamedia
Media type term unmediated
338 ## - CARRIER TYPE
Source rdacarrier
Carrier type term volume
504 ## - BIBLIOGRAPHY, ETC. NOTE
Bibliography, etc Includes bibliographical references and indexes.
505 1# - FORMATTED CONTENTS NOTE
Formatted contents note v. C. The early modern period / by Jane Tylus, David Damrosch
650 #7 - SUBJECT ADDED ENTRY--TOPICAL TERM
Topical term or geographic name as entry element Literature
Form subdivision Collections.
Source of heading or term BUEsh
9 (RLIN) 29960
650 #7 - SUBJECT ADDED ENTRY--TOPICAL TERM
Topical term or geographic name as entry element Literature
General subdivision History and criticism.
Source of heading or term BUEsh
9 (RLIN) 30809
653 ## - INDEX TERM--UNCONTROLLED
Resource For college Humanities: English
Arrived date list February2019
700 1# - ADDED ENTRY--PERSONAL NAME
Personal name Damrosch, David.
Relator term editor.
856 41 - ELECTRONIC LOCATION AND ACCESS
Materials specified Table of contents only
Uniform Resource Identifier <a href="http://www.loc.gov/catdir/toc/fy0905/2003061890.html">http://www.loc.gov/catdir/toc/fy0905/2003061890.html</a>
942 ## - ADDED ENTRY ELEMENTS (KOHA)
Source of classification or shelving scheme Dewey Decimal Classification
Koha item type Book - Borrowing
Holdings
Withdrawn status Lost status Source of classification or shelving scheme Damaged status Not for loan Home library Current library Shelving location Date acquired Source of acquisition Cost, normal purchase price Serial Enumeration / chronology Total Checkouts Full call number Barcode Date last seen Price effective from Koha item type
    Dewey Decimal Classification     Central Library Central Library Second Floor 11/02/2019 Purchase 203.00 72288   808.8 LON 000044201 15/07/2025 11/02/2019 Book - Borrowing